Calidad en trigo candeal /

Guardado en:
Autor Principal: Seghezzo, María Laura.
Autor Corporativo: Chacra Experimental Integrada Barrow. Laboratorio de Calidad Industrial de Granos.
Formato: Libro
Idioma:Spanish
Publicado: Tres Arroyos : Ediciones INTA, 2015.
Acceso en línea:Texto completo
Etiquetas: Agregar Etiqueta
Sin Etiquetas, Sea el primero en etiquetar este registro!
LEADER 00749nam a22001815a 4500
001 EEA.libagro010420
005 20181011125256.0
008 150615s2015####xx############000#0#spa#d
020 |a 9789875216150 
082 0 4 |a 633.11 
100 1 |a Seghezzo, María Laura. 
245 1 0 |a Calidad en trigo candeal /  |c María Laura Seghezzo. 
260 |a Tres Arroyos :  |b Ediciones INTA,  |c 2015. 
300 |a 68 p. :  |b il. col., fot. col. ;  |c 28 cm. 
530 |a Disponible también en línea. 
710 2 |a Chacra Experimental Integrada Barrow.  |b Laboratorio de Calidad Industrial de Granos. 
856 |u http://inta.gob.ar/sites/default/files/script-tmp-inta%5F-%5Fcalidad%5Fen%5Ftrigo%5Fcandeal.pdf  |3 Texto completo 
859 |a AR-BbBCA  |b BIB. AGRONOMIA  |h 633.11  |i S523  |p 2015/6542